| 000 | 00686nam a2200205 i 4500 | ||
|---|---|---|---|
| 001 | 141338 | ||
| 003 | ES-MaACL | ||
| 007 | t| | ||
| 008 | 070921s1982 mx ||||1| spa d | ||
| 020 | _a0-442-29479-4 | ||
| 100 | 1 |
_aWillard, Hobart Hurd. _9116881 |
|
| 245 | 1 | 0 |
_aMétodos instrumentales de análisis / _cHobart H. Willard, Lynne L. Merritt, John A. Dean ; [traducido por Antonio Eroles Gómez]. |
| 250 | _a5ª ed. | ||
| 260 |
_aMéxico : _bCompañía Editorial Continental, _c1982. |
||
| 300 |
_a907 p. ; _c23 cm. |
||
| 700 | 1 |
_aMerritt, Lynne L. _980605 |
|
| 700 | 1 |
_aDean, John A. _943094 |
|
| 700 | 1 |
_aEroles Gómez, Antonio. _947420 |
|
| 852 |
_aES-MaACL _jL-8707 _bR.110347 |
||
| 999 |
_c141338 _d141338 |
||